00376nam a2200145Ia 4500008004100000082001700041100001900058245004600077250000800123260002900131300001200160500002500172650001600197700001700213230524s9999 xx 000 0 und d a621.382bCHA aD.Chattopadhya 0aElectronics Fundamentals and Applications a1st aNEW DELHIbNew Agec2005 aXII;613 aQuantity Number: 69 aElectronics a P.C.Rakshit